00362 a2200145 4500003000400000005001700004008004100021020001800062040000900080082001900089100002200108245003800130260003900168300000900207OSt20231227150541.0231227b |||||||| |||| 00| 0 eng d a9788150000255 coclc a891.433bCHA/N aChauhan. Surajpal aNAYA BRAHAMAN /cSurajpal Chauhan aNew Delhi:bVani Prakashan,c2014. a128p